000 00654nam a22002177a 4500
005 20251108164908.0
008 250721s2013 xx 000 0 ara d
082 1 4 _a956/صقر
100 1 _aصقر، سامي عبد الفتاح
245 1 0 _aتعريف الأحفاد بتراث الأجداد من العرب و المسلمين الرواد /
264 1 _aعمان :
_bالمؤلف،
_c2013.
300 _a122ص.
650 1 7 _aالتاريخ
650 1 7 _aالعرب
650 1 7 _aالعلوم
650 1 7 _aالفنون
650 1 7 _aالازياء
650 1 7 _aالعلوم الاجتماعية
942 _2ddc
_cBK
999 _c16898
_d16898